000 00754nam a2200217 i 4500
001 154497
003 ES-MaACL
005 20230906205744.0
008 961110s1868 sp |||| | spa d
040 _aCLM
_bspa
_cCCPB | SIC
080 _a821.133.1-31"18"
100 1 _aGondrecourt, Aristide-Henri-Ange de.
_9127383
245 1 0 _aMedina ó Escenas de la vida árabe /
_cA. de Gondrecourt ; traduccion de Joaquín Guichot.
260 _aSevilla :
_bE. Perié y Compañía, Editores...,
_c1868.
300 _a2 v. ;
_c18 cm.
596 _aMarca tip. en port.
597 _aAntep.
700 1 _aGuichot, Joaquín (
_d1820-1906)
_9151747
740 0 1 _aEscenas de la vida árabe.
852 _aES-MaACL
_jF-9606
_z-- Enc. hol.
_z-- Enc. 2 t. en 1 v.
999 _c154497
_d154497